Direitos Sociais dos Trabalhadores

Bibliographic Details
Main Author: Zanotelli de Alvarenga, Rb︢ia
Format: eBook
Language:Portuguese
Published: San Pablo: LTR, 2018
Subjects:
Online Access:Acceso restringido

MARC

LEADER 00000nam a22000007a 4500
005 20180711003432.0
007 cr|||| ||||
008 180711s2018 br |||||s|||| 00||0 por d
020 |a 978-85-361-9497-4 
035 |a 21765 
040 |a vLex 
090 |c 8020  |d 8020 
100 1 |a Zanotelli de Alvarenga, Rb︢ia 
245 1 0 |a Direitos Sociais dos Trabalhadores  |h [Recurso electrn̤ico] /  |c Rb︢ia Zanotelli de Alvarenga 
256 |a Servicio en ln̕ea 
260 |a San Pablo:  |b LTR,  |c 2018 
300 |a 1 recurso electrn̤ico 
500 |a O novo livro da professora Rb︢ia Zanotelli de Alvarenga brinda a comunidade jurd̕ica brasileira com um alentado resgate histr̤ico a respeito dos direitos sociais trabalhistas, a partir de cuja compreensô, os atores jurd̕icos sô necessariamente convocados ̉reflexô ter̤ica e ̉aȯ̂ prt̀ica de colocar os direitos sociais, humanos e fundamentais previstos em nossa Constituiȯ̂ e nos tratados internacionais, em aȯ̂, rompendo com uma espčie de letargia que consome a maioria da comunidade jurd̕ica trabalhista nos l︢timos tempos, na medida em que os direitos sociais trabalhistas nô sô aplicados diretamente daqueles documentos fundamentais, quando nô sô tambm̌ reproduzidos no direito positivo infraconstitucional, notadamente na CLT. É extremamente raro, ainda hoje, depararmos com decise̳s judiciais especializadas que resolvem as controvřsias apenas ̉luz do direito constitucional e internacional do trabalho. O texto mostra que ̌preciso, alm̌ de reconhecer que os direitos trabalhistas vô muito alm̌ daqueles previstos na CLT, dar-lhes efetividade por meio de uma teoria jurd̕ica ps̤-positivista, que reconhece os direitos sociais como normas jurd̕icas dotadas de plena eficc̀ia e que podem (= devem) ser aplicadas direta e imediatamente s̉ relaė̳s de trabalho. 
506 1 |a Disponible solo en los productos indicados  |d vLex Global  |d vLex Global (Academic Edition, excluding Law Schools)  |d vLex Global (U.S. Academic Edition, Law Schools)  |d vLex Global (U.S. Academic Edition, excluding Law Schools)  |d vLex Global (Academic Edition, Law Schools) 
650 0 4 |a Derecho Laboral y Seguridad Social  |z Brasil 
650 0 4 |a Relaciones Laborales Especiales  |z Brasil 
650 0 4 |a Derecho Constitucional  |z Brasil 
740 0 |a vLex Libros (Servicio en ln̕ea) 
856 4 0 |u http://vlex.com/source/direitos-sociais-dos-trabalhadores-21765  |z Acceso restringido 
942 |c BOOK 
999 0 |a Labor Law and Social Security 
999 0 |a Special Labor Relations 
999 0 |a Constitutional Law